Statistics for Biggest city to Province #2

Click here to take the quiz!

General Stats

  • This quiz has been taken 32 times
  • The average score is 11 of 15

Answer Stats

HintAnswer% Correct
QueenslandBrisbane
96%
AlbertaCalgary
93%
UtahSalt lake
93%
Noord-HollandAmsterdam
89%
LiguriaGenoa
89%
AmazonasManaus
89%
Baden-WürttembergStuttgart
89%
AragonZaragoza
89%
West FinlandTampere
70%
Tamil NaduChennai
63%
TatarstanKazan
59%
ShaanxiXi'an
56%
South SulawesiMakassar
48%
South YorkshireSheffield
48%
Santa FeRosario
44%

Score Distribution

Percentile by Number Answered

Percent of People with Each Score

Your Score History

You have not taken this quiz